000 00769nam a2200193Ii 4500
003 JO-AjNU
008 230605s9999||||xx |||||||||||||| ||und||
040 _aJO-AjNU
_bara
_erda
_cJO-AjNU
041 _aara
050 1 4 _aU264.L3338 2009
100 3 _aاللجنة الدولية للصليب الأحمر,
_eauthor
_947290
245 0 0 _aاتفاقية حظر استعمال وتخزين وانتاج ونقل الالغام للافراد وتدمير تلك الالغام
264 3 1 _aالقاهرة: اللجنة الدولية للصليب الاحمر، 2009
300 _a31ص
336 _atext
_btxt
_2rdacontent
337 _aunmediated
_bn
_2rdamedia
338 _avolume
_bnc
_2rdacarrier
650 4 _aالالغام - اتفاقيات دولية
_947291
999 _aA20633
_c24201
_d24201